Truyện kể dân gian về thầy trò thời xưa
Truyện kể trữ tình - lịch sử. Truyện kể trào phúng - hài hước.
Kaydedildi:
| Yazar: | |
|---|---|
| Diğer Yazarlar: | |
| Materyal Türü: | Kitap |
| Dil: | Vietnamese |
| Baskı/Yayın Bilgisi: |
H.
Hội nhà văn
2016
|
| Konular: | |
| Etiketler: |
Etiketle
Etiket eklenmemiş, İlk siz ekleyin!
|
| Thư viện lưu trữ: | Mạng thư viện Đại học Đà Nẵng |
|---|
| LEADER | 01404nam a2200373 4500 | ||
|---|---|---|---|
| 001 | 000024890 | ||
| 003 | 21381 | ||
| 005 | 20170323140330.0 | ||
| 008 | 170317s2016 viesd | ||
| 041 | 0 | |a vie | |
| 082 | 1 | 4 | |a 398.2209597 |b KI-H |
| 100 | 1 | |a Kiều Thu Hoạch | |
| 245 | 1 | 0 | |a Truyện kể dân gian về thầy trò thời xưa |c Kiều Thu Hoạch, Vũ Quang Dũng (biên soạn) |
| 260 | |a H. |b Hội nhà văn |c 2016 | ||
| 300 | |a 294 tr. |c 21 cm. | ||
| 500 | |a ĐTTS ghi: Hội văn nghệ dân gian Việt Nam | ||
| 520 | 3 | |a Truyện kể trữ tình - lịch sử. Truyện kể trào phúng - hài hước. | |
| 650 | 0 | 4 | |a Văn học dân gian |x Tình thầy trò |z Việt Nam |
| 650 | 0 | 4 | |a Truyện kể dân gian |x Tình thầy trò |z Việt Nam |
| 653 | |a Truyện kể dân gian | ||
| 653 | |a Thầy trò | ||
| 653 | |a Văn hóa dân gian | ||
| 653 | |a Việt Nam | ||
| 700 | 1 | |a Vũ Quang Dũng |e biên soạn | |
| OWN | |a LSP | ||
| AVA | |a UDN50 |b LSP |d 398.2209597 KI-H |e available |t Error 5001 Not defined in file expand_doc_bib_avail. |f 1 |g 0 |h N |i 0 |k 1 | ||
| 999 | |a From the UDN01 | ||
| AVA | |a UDN50 |b LSP |d 398.2209597 KI-H |e available |t Error 5001 Not defined in file expand_doc_bib_avail. |f 1 |g 0 |h N |i 0 |k 1 | ||
| TYP | |a Monograph | ||
| TYP | |a Printed language | ||
| 980 | |a Mạng thư viện Đại học Đà Nẵng | ||